00424nam a2200169Ia 4500008004100000020001400041245003400055245004700089260001500136260001600151260000900167300001500176300002500191300001000216440002000226500000800246170705s9999 xx 000 0 und d a439442141 aHorrible Harry at halloween / cSuzy Kline ; pictures by Frank Remkiewicz. aNew York : bScholastic, c2000 a53 pages : bcolor illustration ; c19cm. aHorrible Harry. a370